MARC details
| 000 -CABECERA |
| campo de control de longitud fija |
01121nam a2200277 a 4500 |
| 001 - NÚMERO DE CONTROL |
| campo de control |
000019451 |
| 005 - FECHA Y HORA DE LA ÚLTIMA TRANSACCIÓN |
| campo de control |
20200929170024.0 |
| 008 - DATOS DE LONGITUD FIJA--INFORMACIÓN GENERAL |
| campo de control de longitud fija |
100629s2005 es c 000 0 spa d |
| 020 ## - NÚMERO INTERNACIONAL ESTÁNDAR DEL LIBRO |
| Número Internacional Estándar del Libro |
8497647572 |
| 040 ## - FUENTE DE LA CATALOGACIÓN |
| Centro catalogador/agencia de origen |
DO-SdBNP |
| Lengua de catalogación |
spa |
| Centro/agencia transcriptor |
BNPHU |
| 082 ## - NÚMERO DE LA CLASIFICACIÓN DECIMAL DEWEY |
| Número de clasificación |
923.1 |
| Número de documento/Ítem |
S622P |
| 049 ## - FONDOS LOCALES (OCLC) |
| Fondos de biblioteca |
BNGR |
| 100 1# - ENTRADA PRINCIPAL--NOMBRE DE PERSONA |
| Nombre de persona |
Perris Villamor, Alicia Noemí |
| Fechas asociadas al nombre |
1952- |
| 9 (RLIN) |
41766 |
| 245 10 - MENCIÓN DE TÍTULO |
| Título |
Sissi Emperatriz, Elizabeth de Austria : |
| Resto del título |
el hada de la soledad / |
| Mención de responsabilidad, etc. |
Alicia Noemí Perris Villamor; coordinador general Felipe Sen ; coordinador de colección Mar de Ventura Fernández. |
| 260 ## - PUBLICACIÓN, DISTRIBUCIÓN, ETC. |
| Lugar de publicación, distribución, etc. |
Madrid, España : |
| Nombre del editor, distribuidor, etc. |
Perymat, |
| Fecha de publicación, distribución, etc. |
2005. |
| 300 ## - DESCRIPCIÓN FÍSICA |
| Extensión |
189 p. : |
| Otras características físicas |
retrs. ; |
| Dimensiones |
22 cm. |
| 490 1# - MENCIÓN DE SERIE |
| Mención de serie |
Mujeres en la historia |
| 504 ## - NOTA DE BIBLIOGRAFÍA, ETC. |
| Nota de bibliografía, etc. |
Bibliografía : p. 189 |
| 600 04 - PUNTO DE ACCESO ADICIONAL DE MATERIA--NOMBRE DE PERSONA |
| Nombre de persona |
ISABEL, |
| Títulos y otros términos asociados al nombre |
EMPERATRIZ CONSORTE DE FRANCISCO JOSÉ I., IMPERADOR DE AUSTRIA |
| Fechas asociadas al nombre |
1854-1898 |
| 9 (RLIN) |
41767 |
| 650 #4 - PUNTO DE ACCESO ADICIONAL DE MATERIA--TÉRMINO DE MATERIA |
| Término de materia o nombre geográfico como elemento de entrada |
Emperatrices |
| Subdivisión geográfica |
Austria |
| Subdivisión general |
Biografías |
| 9 (RLIN) |
41768 |
| 651 #4 - PUNTO DE ACCESO ADICIONAL DE MATERIA--NOMBRE GEOGRÁFICO |
| Nombre geográfico |
Austria |
| Subdivisión general |
Historia |
| Subdivisión cronológica |
1848-1946 |
| 9 (RLIN) |
41769 |
| 700 1# - PUNTO DE ACCESO ADICIONAL--NOMBRE DE PERSONA |
| Nombre de persona |
Sen, Felipe, |
| Término indicativo de función/relación |
coord. |
| 9 (RLIN) |
41707 |
| 700 1# - PUNTO DE ACCESO ADICIONAL--NOMBRE DE PERSONA |
| Nombre de persona |
Ventura Fernández, Mar de, |
| Término indicativo de función/relación |
coord. |
| 9 (RLIN) |
41759 |
| 830 #0 - PUNTO DE ACCESO ADICIONAL DE SERIE-TÍTULO UNIFORME |
| Título uniforme |
Mujeres en la historia |
| 9 (RLIN) |
41760 |
| 910 ## - DATOS DE OPCIÓN DEL USUARIO (OCLC) |
| Datos de opción del usuario |
Validado. Control de calidad MFF |